01232nam a22003615b 4500001000600000003000900006005001700015007000300032008003400035017000900069020001500078040003000093082002900123100004000152245007400192250000600266264004800272300005100320336002900371337003500400338002900435490004500464590002600509600000600535650003800541650003800579650002700617700003100644910004100675942001200716952012500728999001700853 446 DO-SdBPM20251120085012.0ta950710s1992 sp a | | ||spa  a b  a8434210037 aDO-SdBPMbspacBPMSUerda 4a808.068bP259mi 19852221 aParramón, J. M.eautor 4aut. d 13aMi calle / c J. M. Parramón ; ilustraciones de Irene Bordoy /h  a  aBarcelona : bParramón Ediciones , c1985 avarias paginaciones. :bilustraciones ;c20 cm atexto btxt 2rdacontent asin mediación bn2rdamedia  avolumen bnc2rdacarrier0 aPrimera Biblioteca de los Niños.a v  aInventariado, 2025/VM 2  7aLibros y lectura para niñosv  7alibros ilustrados para niñosv  7aCuentos infantiles v 1 aBordoy, Ireneeilustrador  aVMateo V. Control de calidad. BPMSU  2ddccBK 00102ddc708CI-GaBPMETbBPMETd2025-11-20l0oBPMSU CGI 808.068 P259m 1985pBPMSU25110053r2025-11-20w2025-11-20yBK c15520d15520